000 00907nam a2200277 a 4500
001 000044433
003 DO-SdBNP
005 20231214122054.0
007 000044433
008 140630d2013 dr a 000 0 spa d
020 _a9789945165715
040 _aBPMSU
_bspa
_cBPMSU
082 4 _aRD863.5
_bS237t 2013
_222
100 1 _aSantos, Dulce Elvira de los
245 1 3 _aEl trencito azul /
_cDulce Elvira de los Santos ; ilustración y diagramación Henry Cid.
260 _aSanto Domingo :
_bBúho
_c2013
300 _a15 p. :
_bil. ;
_c23 cm.
500 _3Incluye datos biográficos de la autora en la última pagina16
586 _aPremio Casa de las Américas 1985
590 _6Inventariado, 2023/VM
650 4 _aCuentos infantiles dominicanos
_2
650 4 _aLiteratura infantil dominicana
700 1 _aCid, Henry
_eils.
910 _aVMateo V. Control de calidad (BPMSU)
942 _2ddc
_cBK
999 _c7723
_d7723